000 01847nam0a22003491 4500
001 rc\2856002
005 20250529205500.0
035 _a(NLR Aleph) 007010595
090 _a5810409
_c5810409
100 _a20110707d1930 |||y0rusy50 ca
101 1 _arus
_ceng
102 _aRU
105 _aa z |||||
200 1 _aПохищенный
_eРоман
_aКатриона
_e(Продолжение романа "Похищенный")
_eОчерк "Творчество Стивенсона" Н. Е. Каратыгиной
_eС 16 рис. Г. Вэйса
_fР.Л. Стивенсон
210 _aМосква
_aЛенинград
_cизд-во "Молодая гвардия"
_d1930
_eЛенинград
_gтип. изд-ва "Молодая гвардия"
215 _a382, [2] с.
_cил.
_d23×15 см
225 1 _aЮношеская библиотека иностранных писателей
_eПод ред. И. Анисимова и С. Динамова
300 _aНа обороте тит. л.: "Robert Louis Stevenson. (1850-1894). Kidnapped. 1887. Catriona. 1893"
300 _aЗаставки и концовки: С.Б. Юдовин
300 _aВ картонном переплете с коленкоровым корешком
300 _aПереплет: В. Милашевский
464 0 _12001#$aТворчество Стивенсона
_1700#1$aКаратыгина$bН.Е.$4070
_tТворчество Стивенсона
_aКаратыгина, Н.Е.
700 1 _aСтивенсон
_bР.Л.
_f1850-1894
_gРоберт Луи
702 1 _aМлечин
_4340
702 1 _aВэйс
_bГ.
_4440
702 1 _aМилашевский
_bВ.
_4570
702 1 _aЮдовин
_bС.Б.
_4570
801 0 _aRU
_bNLR
_gpsbo
801 1 _aRU
_bELAR
_2rusmarc
852 _aNLR
_jДл02 В-5/48
942 _cBOOK
980 _aNB